Repertorio de legislación y jurisprudencia chilenas: código penal
Αποθηκεύτηκε σε:
| Μορφή: | Βιβλίο |
|---|---|
| Γλώσσα: | Ισπανικά |
| Έκδοση: |
Santiago
Jurídica de Chile
1955
|
| Θέματα: | |
| Ετικέτες: |
Προσθήκη ετικέτας
Δεν υπάρχουν, Καταχωρήστε ετικέτα πρώτοι!
|
MARC
| LEADER | 00000nam a2200000 a 4500 | ||
|---|---|---|---|
| 001 | UCS3670 | ||
| 003 | CL-VaPUC | ||
| 008 | 970704e19550000CL |||||||||||||||||spa|d | ||
| 082 | 0 | 4 | |a 348.046 |b REP |2 21 |
| 245 | 1 | 0 | |a Repertorio de legislación y jurisprudencia chilenas: código penal |
| 300 | |a 364 p | ||
| 942 | |c BK | ||
| 945 | |d 19970704 00:00:00 |a lriquelm | ||
| 260 | |a Santiago |b Jurídica de Chile |c 1955 | ||
| 650 | 0 | |a Repertorios musicales |9 258861 | |
| 650 | 0 | |a Código penal |9 255935 | |
| 650 | 0 | |a Leyes |9 256670 | |
| 650 | 0 | |a Jurisdicción |9 255090 | |
| 650 | 0 | |a Derecho y legislación |9 255077 | |
| 650 | 0 | |a Derecho procesal penal |9 256392 | |
| 651 | 7 | |a CHILE |2 CL-VaPUC |9 389891 | |
| 583 | |a last modification |c 19970704 00:00:00 |k Rodrigo Vera | ||
| 999 | |c 261306 |d 261304 | ||
| 952 | |0 0 |1 0 |4 0 |6 348_046000000000000_REP_1955 |7 0 |8 F |9 288681 |a BIBDER |b BIBDER |d 2019-11-19 |i 1869558 |l 1 |o 348.046 REP 1955 |p 1869558 |r 2024-07-31 |s 2024-07-30 |w 2019-11-19 |y BK_F |k DER | ||